| 000 | 00613nam a22001937a 4500 | ||
|---|---|---|---|
| 003 | URS | ||
| 005 | 20220114171659.0 | ||
| 008 | 170328b xxu||||| |||| 00| 0 eng d | ||
| 020 | _a0075489155 | ||
| 050 |
_aHF5415 _bS745 1985 |
||
| 100 |
_aStanton, William J. _4author |
||
| 245 |
_aFundamentals of marketing _cWilliam J. Stanton, Montrose S. Sommers II. Barnes, James G. III. Title |
||
| 250 | _aFourth Canadian Edition | ||
| 260 |
_aToronto: _bMcGraw-Hill Ryerson, _c1985 |
||
| 300 |
_axviii, 749 pages; _c21 cm. |
||
| 700 |
_4author _aSommers,Motrose |
||
| 700 |
_4author _aBarnes, James G |
||
| 942 |
_cFR _2lcc |
||
| 999 |
_c14475 _d14475 |
||